Implementácia inteligentných technológií vo výrobe a ich ekonomický dopad vo vybranej spoločnosti

Implementácia moderných inteligentných technológií 3D tlače do výroby a jej ekonomický dopad na vybraný podnik pomocou analýzy teoretických poznatkov priemyslu 4.0 a kategorizácie výrobných koncepcií. Vybraným podnikom je stomatologická spoločnosť využívajúca aditívnu výrobu, trojrozmernú tlač pre p...

Description complète

Enregistré dans:
Détails bibliographiques
Auteur principal: Gubová, Klaudia, 1986-
Autres auteurs: Bede, Krisztina
Format: Chapitre de livre
Langue:slovaque
Sujets:
Tags: Ajouter un tag
Pas de tags, Soyez le premier à ajouter un tag!

MARC

LEADER 00000naa$a2200000$$$4500
001 0270386
005 20240521130044.9
041 0 |a slo 
044 |a SK 
245 1 0 |a Implementácia inteligentných technológií vo výrobe a ich ekonomický dopad vo vybranej spoločnosti  |c Klaudia Gubová, Krisztina Bede 
520 |a Implementácia moderných inteligentných technológií 3D tlače do výroby a jej ekonomický dopad na vybraný podnik pomocou analýzy teoretických poznatkov priemyslu 4.0 a kategorizácie výrobných koncepcií. Vybraným podnikom je stomatologická spoločnosť využívajúca aditívnu výrobu, trojrozmernú tlač pre priehľadné vyrovnávače a ďalšie zubné výrobky. Vyčíslenie investície do softvéru 3 Shape Trios, návratnosť investície a ekonomických ukazovateľov analyzovanej spoločnosti. Výhody a nevýhody 3D tlače na výrobu stomatologických modelov. Na ekonomické výpočty a výpočet odhadovaných úspor je použitý ROI kalkulátor. 
610 2 0 |a priemysel 4.0 
610 2 0 |a inovácie technologické 
610 2 0 |a internet vecí 
610 2 0 |a cloud computing 
610 2 0 |a inteligencia umelá 
610 2 0 |a výroba strojová 
610 2 0 |a systémy výrobné automatizované 
610 2 0 |a stratégia podnikateľská 
100 1 |a Gubová, Klaudia, 1986- 
700 1 |a Bede, Krisztina